000 00509nam a2200193 a 4500
001 1770713644484
003 YourLibrary
005 20260210142831.0
008 260210s2001##################000#0#eng##
020 _a9781840640472
082 0 4 _a333.9125
_bBER
100 1 _aArestis, Philip,
_eauthor.
245 1 0 _aInternational Trade and Political Institutions :
260 _c2001.
300 _a392 pages
650 0 _aCommercial policy.
942 _cENGLISH
040 _aYourLibrary
_beng
_cYourLibrary
999 _c611383
_d611383